Football par lettre - V - Statistiques

Statistiques générales
  • Ce quiz a été pris 147 fois
  • Le résultat moyen est 16 sur 20
Statistiques - réponses
Hint Réponse % Correct
Attaquant anglais déjanté, légende de Leicester Jamie Vardy
96%
Formé à Lens, il a fait les beaux jours du Real madrid et de l'Equipe de France Raphael Varane
94%
Pilier de la défense de Liverpool sous Jurgen Klopp Virgil Van Dijk
94%
Attaquant néerlandais passé par Arsenal et Fenerbahce Robin Van Persie
92%
Milieu chilien passé par le Barça, l'Inter et le Bayern Arturo Vidal
91%
Ville où on trouve le stade de Mestalla Valence
90%
On y retrouvait les clubs du Chievo et du Hellas Verone
90%
Triple Ballon d'Or néerlandais Marco Van Basten
89%
Milieu français champion du monde 1998, désormais coach du Genoa Patrick Vieira
89%
Gardien du Barça lors du sextuplé Victor Valdes
88%
Gardien néerlandais légende de Manchester United Edwin Van der Sar
86%
Qui c est les plus forts ? Evidemment c'est les... Verts
86%
On surnomme ce club "le sous marin jaune" Villarreal
85%
Club brésilien nommé d'après un célèbre navigateur Vasco de Gama
82%
Compère de Rio Ferdinand en défense centrale à Manchester United Nemanja Vidic
79%
On surnommait cet international français "Petit vélo" Mathieu Valbuena
75%
Joueur equatorien passé par Manchester United Antonio Valencia
74%
Il est viscéralement détesté par Daniel Riolo Marco Verratti
61%
Joueur colombien à la chevelure excentrique Carlos Valderrama
54%
International français qui a participé à la coupe du monde 1958 et qui a atteint la finale de la LDC avec Reims Jean Vincent
9%
Aucun quiz correspondant
Distribution des résultats
% des personnes avec chaque résultat
Percentile par nombre de réponses
Votre historique - résultats
Vous n’avez pas pris ce quiz